Movies From Space Quiz Stats

 Plays Quiz Updated Dec 29, 2015

Also try: Sliced Movies II
Challenge
Share
Tweet
Score 0/25 Timer 07:00
0 Plays Today
% Correct
The Empire Strikes Back
97.8%
The Martian
91.7%
Apollo 13
91.5%
Gravity
91.2%
Guardians Of The Galaxy
82.3%
Armageddon
73.7%
WALL•E
71.8%
Alien
68.5%
Interstellar
64.7%
The Hitchhiker's Guide to the Galaxy
56.9%
Prometheus
53.9%
Galaxy Quest
52.4%
Moonraker
48.7%
% Correct
Lost in Space
48.3%
Star Trek Into Darkness
42.3%
Jupiter Ascending
38.2%
Dune
37.9%
Starship Troopers
36.9%
2001: A Space Odyssey
26.7%
Solaris
22.9%
Mission to Mars
22.5%
Moon
22.3%
Sunshine
20.1%
Forbidden Planet
16.4%
Event Horizon
16.2%

You're not logged in!

Compare scores with friends on all Sporcle quizzes.
Join for Free
OR
Log In

You Might Also Like...

Show Comments

Extras

Top Quizzes Today


Score Distribution

Your Account Isn't Verified!

In order to create a playlist on Sporcle, you need to verify the email address you used during registration. Go to your Sporcle Settings to finish the process.

Report this User

Report this user for behavior that violates our Community Guidelines.

Details: